000 00539nam a2200145 4500
999 _c14684
_d14684
008 191022b ||||| |||| 00| 0 eng d
022 _a03080587
082 _aDPer 420.5 M72 Apr-Oct 2011 v. 20, n. 2-4
100 _940525
_aHashemi, Masoud.
245 _aPedagogical uses of blogs in English language writings classes/
_cMasoud Hashemi.
260 _aChichester, West Sussex:
_bPavilion Publishing,
_c©2011.
300 _av20 n4, pages 38-41:
_bcolor illustrations;
_c30 cm.
650 _aEnglish language
_xBlog.
_940762
942 _2ddc
_cPER